000 00375nam a22001217a 4500
999 _c627
_d627
005 20200817110343.0
008 200817b ||||| |||| 00| 0 eng d
020 _a16227
040 _cCML
245 _aReading in the Applied Economics Africa.
_cWhetham, E & Currie, J.I.
260 _aLondon
_bCambridge University Press
_c1967
942 _2ddc
_cBK
_h330.96
_mWHE